| 000 | 01900cam a22005054i 4500 | ||
|---|---|---|---|
| 003 | PE-LiUPU | ||
| 005 | 20250731180100.0 | ||
| 008 | 161012s r 000 0 spa d | ||
| 035 | _a(Sirsi) a164191 | ||
| 040 |
_aPE-LiUPU _bspa _cPE-LiUPU _erda |
||
| 049 | _aPRUA | ||
| 082 | 0 | 4 |
_a501 _bB92 _220 |
| 100 | 1 |
_aBunge, Mario, _eautor. |
|
| 245 | 1 | 0 |
_aVigencia de la filosofía : _bciencia y técnica. Investigación y universidad. |
| 264 | 1 |
_aLima : _bUniversidad Inca Garcilaso de la Vega, _c1998. |
|
| 300 |
_a344 paginas ; _c20 centímetros |
||
| 336 |
_atext _2rdacontent |
||
| 337 |
_aunmediated _2rdamedia |
||
| 338 |
_avolume _2rdacarrier |
||
| 505 | 0 | _aCiencia, técnica y epistemologíca -- Problemática espistemología de actualidad en ciencias naturales y socionaturales -- Problemática episteológica de actualidad en las ciencias y técnicas sociales -- Universidad tradicional y universidad moderna -- Conocimiento y desarrollo social. | |
| 526 | _aSEG44 | ||
| 526 | _aSEG26 | ||
| 526 | _aP159 | ||
| 526 | _aP155 | ||
| 526 | _aP154 | ||
| 526 | _aP153 | ||
| 526 | _aP150 | ||
| 526 | _aP100 | ||
| 526 | _aP31 | ||
| 526 | _aP30 | ||
| 526 | _aP26 | ||
| 526 | _aP25 | ||
| 526 | _aP24 | ||
| 526 | _aP22 | ||
| 526 | _aP15 | ||
| 526 | _aP10 | ||
| 910 |
_ajck _bncf _cncf _d20161012 |
||
| 942 |
_2ddc _cBOOK |
||
| 949 |
_a501 B92 _wDEWEY _c1 _i75121 _lCCODEBUL1 _mBUL _p13.50 _r0 _sY _tBOOK _u2016-10-12 _xEDUCACION _PP20 _0COMPRA _o.STAFF. Colección Ciencias Humanas y Educación |
||
| 994 |
_aC0 _bPEPRU |
||
| 264 | 1 | _a**REQUIRED FIELD** | |
| 596 | _a1 | ||
| 999 |
_a501 B92 _wDEWEY _c13037 _i75121 _d13037 _f2021-11-5 _g5 _lCCODEBUL1 _mBUL _p13.50 _q1 _r0 _sN _tBOOK _u2016-10-12 _xBIBLIOTECA _PP20 _0DONACION _o.STAFF. Colección Ciencias Humanas y Educación |
||
| 980 |
_81 _gALBERTO SANCHEZ Responsable de Automatización |
||